000 01289nam a2200277Ia 4500
003 OSt
005 20221005105149.0
006 a|||||r|||| 00| 0
007 ta
008 221004b |||||||| |||| 00| 0 hin d
020 _a817975152X (hbk)
_c750
024 _a90238
037 _b462, 24/03/2008, Swaraj Prakashan
_cTextual
040 _aCRL
_cCRL
_bhin
041 _2hin
_ahin
082 _aO152,6(Y15)xN5, P6
100 _aचतुर्वेदी, जगदीश्वर, संपा.
245 0 _aस्वाधीनता - संग्राम, हिन्दी प्रेस और स्त्री का वैकल्पिक क्षेत्र
246 _aSvādhīnatā - sangrāma, hindī pres aur strī kā vaikalpik kṣhetra
260 _aनई दिल्ली
_bअनामिका पब्लिशर्स एण्ड डिस्ट्रीब्यूटर्स भारत
_c2006
300 _a516पृ0
_ccm.
650 _a हिन्दी साहित्य
650 _aहिन्दी निबंध
942 _hO152,6(Y15)xN5, P6
_cTEXL
_2cc
999 _c1014974
_d1014974